Animaux en chansons - Statistiques

Statistiques générales
  • Ce quiz a été pris 247 fois
  • Le résultat moyen est 14 sur 50
Statistiques - réponses
Interprètes Année Chanson % Correct
Barbara 1970 L'aigle noir
93%
Georges Brassens 1952 Le gorille
74%
Marie Myriam 1977 L'oiseau et l'enfant
73%
Chantal Goya 1977 Un lapin
72%
Yannick Noah 2000 Les lionnes
72%
Henri Salvador 1962 Le lion est mort ce soir
60%
Nolwenn Leroy 2010 La jument de Michao
56%
Nino Ferrer 1966 Mirza
52%
Mireille Mathieu 1977 1000 colombes
50%
Hugues Aufray 1966 Stewball
48%
Pow Wow 1992 Le chat
48%
Manau 1998 Mais qui est la belette ?
47%
Pierre Perret 1979 Mon p'tit loup
40%
Survivor 1982 Eye of the tiger
40%
Gérard Lenorman 1976 Gentil dauphin triste
36%
Katy Perry 2013 Dark horse
31%
Richard Gotainer 1984 Le Youki
31%
Elton John 1972 Crocodile rock
30%
France Gall 1968 Bébé requin
29%
Line Renaud 1953 Le chien dans la vitrine
28%
Culture Club 1983 Karma Chameleon
27%
Frank Alamo 1963 Ma biche ( ô ma biche )
27%
Philippe Lafontaine 1989 Coeur de loup
27%
Bob Marley &The Wailers 1992 Iron lion zion
26%
La Bande à Basile 1977 La chenille
26%
Dorothée 1981 Rox et Rouky
24%
Serge Reggiani 1967 Les loups sont entrés dans Paris
19%
J.J. Lionel 1981 La danse des canards
18%
Juliette Gréco 1966 Un petit poisson, un petit oiseau
17%
Maroon 5 2014 Animals
16%
The Rolling Stones 1971 Wild horses
16%
Les Négresses Vertes 1988 Zobi la mouche
15%
Luis Mariano 1951 Rossignol de mes amours
14%
Beau Dommage 1974 La complainte du phoque en Alaska
13%
Indochine 2002 Un singe en hiver
13%
America 1972 Horse with no name
11%
Matmatah 1998 Les moutons
11%
Pigloo 2007 Le papa pingouin
10%
Prince 1984 When doves cry
10%
KT Tunstall 2007 Black horse and the cherry tree
9%
Sébasto 2006 Fais la poule
9%
Jefferson Airplane 1967 White rabbit
7%
Thomas Fersen 1999 La chauve-souris
6%
V V Brown 2009 Shark in the water
4%
Ottawan 1980 Qui va garder mon crocodile cet été ?
3%
Al Stewart 1976 Year of the cat
2%
Odeurs 1983 Le cri du kangourou
2%
Peter Gabriel 1982 Shock the monkey
2%
Bill Haley & His Comets 1960 See you later alligator
1%
Dionysos 1999 Coccinelle
0%
Aucun quiz correspondant
Distribution des résultats
% des personnes avec chaque résultat
Percentile par nombre de réponses
Votre historique - résultats
Vous n’avez pas pris ce quiz